Savezne države u SAD - Statistics

General Stats
  • This quiz has been taken 1,943 times
  • The average score is 28 of 50
Answers on the Map
Answers color-coded by a green-red scale on the quiz's map according to % correct below.
 
Answer Stats
State % Correct
Teksas
90%
Kalifornija
87%
Florida
86%
Aljaska
84%
Njujork
83%
Vašington
78%
Havaji
72%
Nevada
70%
Arizona
69%
Južna Dakota
69%
Alabama
68%
Severna Dakota
67%
Južna Karolina
66%
Ohajo
66%
Kolorado
64%
Misisipi
64%
Severna Karolina
63%
Kentaki
58%
Mičigen
58%
Juta
55%
Kanzas
55%
Oklahoma
55%
Virdžinija
55%
Minesota
54%
Nju Meksiko
54%
Ajdaho
53%
Arkanzas
53%
Nebraska
52%
Misuri
51%
Oregon
51%
Pensilvanija
51%
Ajova
50%
Montana
50%
Džordžija
49%
Nju Džerzi
49%
Ilinois
48%
Indijana
48%
Luizijana
48%
Mejn
47%
Masačusets
46%
Vajomin
46%
Zapadna Virdžinija
46%
Tenesi
45%
Delaver
42%
Nju Hempšir
42%
Merilend
39%
Viskonsin
39%
Konektikat
37%
Roud Ajlend
35%
Vermont
34%
No matching quizzes found
Score Distribution
Percent of People with Each Score
Percentile by Number Answered
Your Score History
You have not taken this quiz